Revista Reflexiones. Tabla de contenido: número 141, 2014
Guardado en:
| Formato: | Libro |
|---|---|
| Lenguaje: | Spanish |
| Publicado: |
2014
|
| Etiquetas: |
Agregar Etiqueta
Sin Etiquetas, Sea el primero en etiquetar este registro!
|
MARC
| LEADER | 00000nam a22000007a 4500 | ||
|---|---|---|---|
| 003 | cru IIS | ||
| 005 | 20211016103853.0 | ||
| 008 | 211015b2014 es ||||| |||| 00| 0 spa d | ||
| 040 | |c CRAI UCR | ||
| 082 | |a REV1661 (141) 2014 | ||
| 245 | |a Revista Reflexiones. Tabla de contenido: número 141, 2014 | ||
| 260 | |c 2014 | ||
| 500 | |a Colección Centroamérica | ||
| 505 | |a Sobre los Cursos Universitarios de Xavier Zubiri - Héctor Samour 339-362 // Convergencia, polarización y movilidad económica. El Salvador, 1963-2011 - Sofía Duarte, Gabriela Guevara, Rodrigo Orantes, Sigfredo Pacheco 363-398 // Contribución empírica al debate teórico sobre el origen de la crisis capitalista desde distintas perspectivas - Francisco Gavidia, José Magaña, Karla Méndez, Beatriz Montenegro 399-436 // Perspectiva de la teoría del valor de la fuerza de trabajo acerca del mercado laboral de El Salvador - Hazell del Cid, Esmeralda Iraheta 437-475 // “T. W. Adorno y el jazz: un apagón intelectual” - José Ramón Catalán 477-490 // El mito del soldado en el cine - Nataly Guzmán Velasco 491-498 | ||
| 773 | 0 | |0 40343 |9 6242 |a Universidad Centroamericana José Simeón Cañas (UCA) |d El Salvador: Universidad Centroamericana José Simeón Cañas. Facultad de Ciencias Sociales y Humanidades |o 17431 |t Realidad: |x 10125515 | |
| 942 | |2 ddc |c PP | ||
| 999 | |c 43927 |d 43927 | ||
